Statistics for Hawaii A-Z

Click here to take the quiz!

General Stats

  • This quiz has been taken 11,856 times
  • The average score is 15 of 25

Answer Stats

LetterHintAnswer% Correct
AWord that means hello and goodbyeAloha
99%
PBase attacked in 1941: _____ HarborPearl
91%
UA small guitarUkulele
90%
VKīlauea is one of the world's most active ....Volcanos
87%
OHonolulu's islandOahu
83%
QLiliʻuokalani was the first and only person to serve as _____ of HawaiiQueen
80%
J12.6% of Hawaiians report this ancestryJapanese
77%
SHawaiians love this canned pork productSpam
76%
MDisney movie set in HawaiiMoana
75%
WHawaii's most famous beachWaikiki
75%
YHawaiians eat a purple variety of this vegetableYam
70%
FAhi and Humuhumunukunukuapua are types of ...Fish
68%
ESinger who starred in "Blue Hawaii"Elvis
66%
LA traditional Hawaiian feastLuau
64%
KTallest mountain: Mauna ___Kea
59%
IThe world championships of this endurance race are held in Hawaii each yearIronman
54%
ZUnpopular billionaire who ruffled feathers by buying $100 million of land in 2014Zuckerberg
53%
CHawaii is one of only two U.S. states to produce this crop commerciallyCoffee
43%
DVolcanic crater overlooking Honolulu: ______ HeadDiamond
43%
TPlant that is made into poiTaro
38%
RState symbol that appears on its license plateRainbow
35%
GKauai's nickname: The _____ IslandGarden
27%
NState birdNene
24%
HThere's a twisty highway that leads to this city on MauiHana
22%
BNorth shore spot for big wave surfers: _____ PipelineBanzai
15%

Score Distribution

Percentile by Number Answered

Percent of People with Each Score

Your Score History

You have not taken this quiz